The ultimate guide to the judicial services examination 2016 for all states : (Record no. 104723)

MARC details
000 -LEADER
fixed length control field 00630nam a22001817a 4500
005 - DATE AND TIME OF LATEST TRANSACTION
control field 20161123122456.0
010 ## - LCCN (DPL NO)
LC control number ENG-116621
020 ## - INTERNATIONAL STANDARD BOOK NUMBER
International Standard Book Number 9789351436416
Terms of availability 1350.00
035 ## - SYSTEM CONTROL NUMBER
System control number EN-100153
037 ## - SOURCE OF ACQUISITION
Source of stock number/acquisition DBAD/PUB
082 ## - DEWEY DECIMAL CLASSIFICATION NUMBER
Classification number 340
245 ## - TITLE STATEMENT
Title The ultimate guide to the judicial services examination 2016 for all states :
Remainder of title best choice for AIBE,UGS-NET & APP Exams /
Statement of responsibility, etc by M.A. Rashid
250 ## - EDITION STATEMENT
Edition statement 4th ed.
260 ## - PUBLICATION, DISTRIBUTION, ETC. (IMPRINT)
Place of publication, distribution, etc Gurgaon
Name of publisher, distributor, etc LexisNexis
Date of publication, distribution, etc 2016
270 ## - ADDRESS
Address 14th Floor, Building No.10, Tower-B, DLF Cyber City, Phase-II
City Gurgaon
Postal code 122002
300 ## - PHYSICAL DESCRIPTION
Extent xx,1826p.
Dimensions 24cm(pbk)
942 ## - ADDED ENTRY ELEMENTS (KOHA)
Source of classification or shelving scheme Dewey Decimal Classification
Item type English Books
Call number suffix RAS
Classification part 340
Holdings
Withdrawn status Lost status Not for loan Collection code Home library Current library Date acquired Source of acquisition Cost, normal purchase price Full call number Barcode Copy number Cost, replacement price Koha item type
    Not For Loan Non-fiction D.B.Act.Division D.B.Act.Division 23/11/2016 DBAD/PUB 1350.00 340 RAS EN-100153 1 1350.00 English Books

© Delhi Public Library
Hit Counter
free hit counter